000 01397nab a22002537a 4500
999 _c5305
_d5305
003 OSt
005 20250217210655.0
008 190603e xxum|||| |||| 00| 0 spa d
040 _cPJ-TDF
100 _95891
_aPérez Hortal, María Eugenia
245 1 3 _aLos niños, niñas y adolescentes como legitimados pasivos en la acción de nulidad del reconocimiento /
_cMaría Eugenia Pérez Hortal.
260 _cCiudad Autónoma de Buenos Aires :
_aThomson Reuters La Ley,
_b2023.
300 _ap. 169-177
500 _aCita: TR LALEY AR/DOC/1485/2023.
505 _aSumario: I. Introducción.— II. El planteo judicial. Su desarrollo.— III. Las acciones de desplazamiento de estado filial y los intereses comprometidos.— IV. La participación del NNyA en el proceso. Nociones generales.— V. Reflexiones finales.
505 _tFallo comentado: ST La Pampa, sala A ~ 14/02/2023 ~ L., M. O. c. A., C. Y. s/ acción de nulidad.
505 _t¿Te interesa el texto completo? Solicitalo al correo: koha@justierradelfuego.gov.ar
650 0 _9967
_aDERECHO DE FAMILIA
650 0 _92388
_aINTEGRACIÓN DE LA LITIS
650 0 _94097
_aINTERES SUPERIOR DEL NIÑO
650 0 _96358
_aRECONOCIMIENTO DE HIJO EXTRAMATRIMONIAL
773 0 _02713
_93170
_dCiudad Autónoma de Buenos Aires : Thomson Reuters La Ley, 2015-
_tRevista Código Civil y Comercial. Nº 5 - Octubre 2023
942 _2udc
_cANA